000 00336nam a22001337a 4500
008 170127b xxu||||| |||| 00| 0 eng d
020 _a9780683074994
041 _aeng
080 _23RD
_a61
100 _a3
101 _aSHM
245 _aTEXTBOOK OF DISORDERS AND INJURIES OF THE MUSCOLOSKELETAL SYSTEM
_cSALTER, R.B
942 _2udc
_cBK
999 _c3877
_d3877